[Event "Liberec Region-chT 2223"]
[Site "Czech Republic"]
[Date "2023.01.15"]
[Round "6.4"]
[White "Hofman, Krystof"]
[Black "Stanek, Bohumil"]
[Result "1-0"]
[WhiteElo "1983"]
[BlackElo "1844"]
[PlyCount "47"]
[EventDate "2022.10.09"]
[EventType "team-tourn"]
[EventRounds "11"]
[EventCountry "CZE"]
[SourceTitle "EXT 2024"]
[Source "ChessBase"]
[SourceDate "2023.10.10"]
[SourceVersion "1"]
[SourceVersionDate "2023.10.10"]
[SourceQuality "1"]

1. d4 d5 2. Nf3 Nf6 3. c4 c6 4. e3 e6 5. b3 Be7 6. Bd3 dxc4 7. bxc4 0-0 8. 0-0 b6 9. Nc3 Bb7 10. e4 c5 11. e5 Ne8 12. d5 exd5 13. cxd5 Qc8 14. Qc2 g6 15. Re1 Ng7 16. Bc4 a6 17. a4 Re8 18. Rb1 Bd8 19. Bg5 Kh8 20. Ne4 Nf5 21. Bf6+ Kg8 22. Qb2 Nd7 23. Bxd8 Rxd8 24. e6 1-0

[Event "Brno Duras BVK op-B"]
[Site "Brno"]
[Date "2002.??.??"]
[Round "1"]
[White "Stanek, Bohumil"]
[Black "Vesely, Jaromir"]
[Result "1-0"]
[WhiteElo "2026"]
[BlackElo "2125"]
[PlyCount "53"]
[EventDate "2002.??.??"]
[EventType "swiss"]
[EventRounds "9"]
[EventCountry "CZE"]
[SourceTitle "EXT 2006"]
[Source "ChessBase"]
[SourceDate "2005.11.24"]
[SourceVersion "1"]
[SourceVersionDate "2005.11.24"]
[SourceQuality "1"]

1. Nc3 c6 2. e4 d5 3. a3 dxe4 4. Nxe4 Bf5 5. Ng3 Bg6 6. d4 e6 7. Nf3 Nd7 8. Bd3 Ne7 9. h4 Bxd3 10. Qxd3 h5 11. Ng5 Nf6 12. 0-0 g6 13. Re1 Qd7 14. Re2 Bg7 15. Bd2 0-0 16. Bb4 Ned5 17. Bxf8 Nf4 18. Bxg7 Nxd3 19. Bxf6 Nf4 20. Rae1 Nxe2+ 21. Rxe2 c5 22. dxc5 Rc8 23. N5e4 b6 24. Rd2 Qa4 25. b3 Qc6 26. Rd6 Qa8 27. c6 1-0